000 00713nas a2200217 454500
001 15106
005 20260407193505.0
008 260407s2012####ag###########|||spa#d
003 AR-UNSa-BCEJYS
040 _aAR-UNSa-BCEJYS
_bspa
_cAR-UNSa-BCEJYS
080 _a369
_xSeguridad social
245 1 0 _aCompendio de Legislación de la Seguridad Social
264 1 _aBuenos Aires :
_bAbeledo Perrot
_c2012
310 _aFrecuencia: Anual
942 _cSER
590 _aniveau_biblio:s niveau_hierar:1
100 1 _aMartín Yáñez, María Teresa
650 _aSeguridad en el trabajo
650 _aSeguridad social
856 4 1 _uhttps://biblioeco.unsa.edu.ar/pmb/images/revistas/CLSS.jpg
_yImagen de portada
_qimage/jpeg
999 _c8472
_d8472